Kluby piłkarskie Walii - nagła smierć - Statystyki

Ogólne statystyki
  • Ten quiz został rozwiązany 34 razy
  • Średni wynik to 6 z 16
Answers on the Grid
Answers color-coded by a green-red scale on the quiz's grid according to % correct below.
Colwyn Bay
Larne FC
Connah's Quay Nomads
Penybont FC
Ballymena United
The New Saints
Coleraine FC
Cardiff City
Barry Town United
Barrow AFC
Haverfordwest County
Dundalk FC
Wrexham AFC
Bala Town
Briton Ferry Llansawel
Dungannon Swifts
Swansea City
Merthyr Town FC
Finn Harps
Flint Town United
Caernarfon Town
Tranmere Rovers
Newport County
Llanelli Town AFC
 
Statystyki odpowiedzi
Odpowiedź % Poprawnych
Cardiff City
84%
Swansea City
81%
The New Saints
69%
Caernarfon Town
53%
Bala Town
50%
Wrexham AFC
47%
Connah's Quay Nomads
34%
Llanelli Town AFC
28%
Barry Town United
25%
Flint Town United
25%
Newport County
25%
Colwyn Bay
22%
Penybont FC
19%
Haverfordwest County
16%
Merthyr Town FC
16%
Briton Ferry Llansawel
9%
Nie znaleziono quizów pasujących do podanych kryteriów
Rozkład punktacji
Procent ludzi z każdym wynikiem
Percentyl według liczby udzielonych odpowiedzi
Twoja historia wyników
Nie rozwiązałeś tego quizu